Les Pays Francophones - Statistiques

Statistiques générales
  • Ce quiz a été pris 79 fois
  • Le résultat moyen est 23 sur 34
Réponses sur la Carte
Les réponses sont colorées sur une échelle allant du rouge au vert en fonction du pourcentage des utilisateurs qui les ont devinées à leur premier essai. Vous pouvez retrouver ces pourcentages ci-dessous.
 
Statistiques - réponses
Réponse % Correct
Algérie
88%
Belgique
83%
Canada
79%
Madagascar
79%
Maroc
76%
Tunisie
76%
Cambodge
74%
Luxembourg
74%
Seychelles
74%
Suisse
74%
Viêt Nam
74%
Haïti
72%
Laos
72%
Mauritanie
71%
Djibouti
69%
Mali
69%
Sénégal
69%
République Centrafricaine
67%
Côte d'Ivoire
66%
Tchad
66%
Vanuatu
66%
Burkina Faso
64%
Liban
64%
Niger
64%
Gabon
62%
Guinée
62%
Guinée Équatoriale
62%
Burundi
60%
Congo-Brazzaville
60%
Congo-Kinshasa
60%
Togo
60%
Bénin
57%
Monaco
57%
Rwanda
55%
Aucun quiz correspondant
Distribution des résultats
% des personnes avec chaque résultat
Percentile par nombre de réponses
Votre historique - résultats
Vous n’avez pas pris ce quiz